Linear algebra /
Guardado en:
| Autor Principal: | |
|---|---|
| Formato: | Libro |
| Idioma: | English German |
| Publicado: |
New York :
Springer-Verlag,
1967.
|
| Edición: | 3rd ed. |
| Series: | Grundlehren der mathematischen Wissenschaften in Einzeldarstellungen mit besonderer Berücksichtigung der Anwendungsgebiete ;
Bd. 97. |
| Materias: | |
| Etiquetas: |
Agregar Etiqueta
Sin Etiquetas, Sea el primero en etiquetar este registro!
|
| LEADER | 00916nam a22002535a 4500 | ||
|---|---|---|---|
| 001 | MAT.inmabb005095 | ||
| 008 | 840614s1967####nyu######b####001#0#eng## | ||
| 005 | 20130307103854.0 | ||
| 245 | 1 | 0 | |a Linear algebra / |c W. H. Greub. |
| 250 | |a 3rd ed. | ||
| 260 | |a New York : |b Springer-Verlag, |c 1967. | ||
| 300 | |a xii, 434 p. ; |c 24 cm. | ||
| 490 | 1 | |a Die Grundlehren der mathematischen Wissenschaften in Einzeldarstellungen ; |v Bd. 97 | |
| 504 | |a Bibliografía: p. [428]-429. | ||
| 510 | 4 | |a MR, |c 37 #221 | |
| 100 | 1 | |a Greub, Werner Hildbert, |d 1925- | |
| 240 | 1 | 0 | |a Lineare Algebra. |l Inglés |
| 830 | 0 | |a Grundlehren der mathematischen Wissenschaften in Einzeldarstellungen mit besonderer Berücksichtigung der Anwendungsgebiete ; |v Bd. 97. | |
| 650 | 0 | |a Algebras, Linear. | |
| 084 | |a 15-01 |2 msc2000 | ||
| 010 | |a 67014017 | ||
| 040 | |a DLC/ICU |c ICU |d DLC | ||
| 041 | 1 | |a eng |h ger | |
| 859 | |h 15 |i G836-3 |p A-2497 |b BIB. MATEMATICA | ||
